000 00293nam a22001337a 4500
008 170817b xxu||||| |||| 00| 0 eng d
020 _a0582180430
041 _aeng
080 _a51
100 _a36
101 _aMAT
245 _aPRIMARY MATHEMATICS TODAY
_cWILLIAMS,E.M
942 _2udc
_cBK
999 _c23887
_d23887